000 00867nam a2200229 a 4500
001 48921
003 BD-RjUL
005 20211209054616.0
008 160817s1967 ru a|||| |||| 00| 0 ben d
035 _a(BD-RjUL)49040
040 _aBD-RjUL
_bben
_cBD-RjUL
041 _aben
082 _223
_a891.73
_bTOK 1967
100 1 _aতলস্তয়, লেভ
_9147330
245 1 0 _aকসাক /
_cসমর সেন ; অনুবাদক
260 _aমস্কো :
_bবিদেশী ভাষায় সাহিত্য প্রকাশনালয়,
_c১৯৬৭
300 _a২৪০পৃ. :
_c২১ সেমি.
_bচিত্র ;
650 _aরাশিয়ান উপন্যাস
_9147320
650 _aRussian Fiction
_9147321
700 _aসেন, সমর ; অনুবাদক
_9147346
942 _2ddc
_cBK
999 _c48921
_d48921